000 01020cam a2200313 a 4500
001 13525459
003 OSt
005 20230606110250.0
008 031014s2001 ke a b 000 0 eng
010 _a 2003405887
020 _a9966949127
035 _a(DLC) 2003405887
040 _aDLC
_cDLC
042 _alcode
043 _af-ke---
050 0 0 _aG155.K4
_bI39 2001
082 _a338.47
_bIKI
100 1 _aIkiara, Moses.
245 1 0 _aPolicy framework of Kenya's tourism sector since independence and emerging policy concerns /
_cMoses M. Ikiara.
260 _aNairobi, Kenya :
_bKenya Institute for Public Policy Research and Analysis,
_c2001.
300 _avi, 92 p. :
_bill. ;
_c24 cm.
440 0 _aKIPPRA working paper ;
_vno. 2
500 _a"May 2001."
504 _aIncludes bibliographical references (p. 90-92).
650 0 _aTourism
_zKenya.
906 _a7
_bcbc
_corigode
_d3
_encip
_f20
_gy-gencatlg
942 _2ddc
_cBK
999 _c580
_d580